Quizzes
Events
Quiz Creation
Community
Videos
Private Events
Remove Ads
Sign In
Join for FREE
Feedback
Dark Mode
Quiz Categories
Sports
Geography
Music
Movies
Television
Just For Fun
Miscellaneous
History
Literature
Language
Science
Gaming
Entertainment
Religion
Holiday
For Kids
Quiz Lab
Recent
Popular Today
Quiz Kudos Today
Editor Picks
Curator Picks
Quizzes by...
Day
Popularity
Type
Ratings
Length
Year
Community
Subscriptions
Recent Discussions
Orange Saloon
Badges
Playlists
Quests
Create
Leaderboards
Showdown
Live 5
Trivia Bingo
Activity
Puzzle Library
Sporcle Events
Private Events
Virtual Trivia
Globe League
Become a Host
Pub Owners
SporcleCon
Opinionation
Our Games
Videos
Blog
Mobile Apps
Partnerships
Remove Ads and Go Orange
Feedback
Science
Computer
Plants
Astronomy
Chemistry
Elements
Math
Animal
Physics
Anatomy
Biology
Geology
General Science
Science
Computer
Plants
Astronomy
Chemistry
Elements
Math
Animal
Physics
Anatomy
Biology
Geology
General Science
Random Quiz
Search Sporcle
×
Quiz Lab
Quiz Lab
Science
Extant
Type in answers that appear in a list
Type in answers that appear in a list
Classic
Best Score? Go Orange.
Orders of Extant Mammals Stats
Can you name the orders of extant mammals?
By
rural_juror
6m
28 Questions
120 Plays
120 Plays
120 Plays
Comments
Comments
Give Quiz Kudos
Give Quiz Kudos
-
- Ratings
hide this ad
Replay
Link that replays current quiz
Next Quiz
Link to next quiz in quiz playlist
You Got
0%
They Got
Avg Score
58%
Avg Friend Score
Upgrade to see
Score Distribution
Jump to the score distribution portion of the page
Score
0/28
Timer
06:00
0
Plays Today
meaning of name
order
% Correct
Flesh eaters
Carnivora
86.7%
Whale
Cetacea
84.2%
Highest rank
Primates
80.8%
One hole
Monotremata
78.3%
Hand-
winged
Chiroptera
75.8%
Gnawing mammal
Rodentia
75%
Even-
toed ungulates
Artiodactyla
74.2%
Hare-
shaped
Lagomorpha
72.5%
Sea nymphs
Sirenia
69.2%
Shrews and moles (insect-
eaters)
Soricomorpha
65.8%
Odd-
toed ungulates
Perissodactyla
65.8%
Skin-
winged
Dermoptera
64.2%
Tenrecs and golden moles (insect-
eaters)
Afrosoricida
62.5%
Hedgehogs (insect-
eaters)
Erinaceomorpha
59.2%
meaning of name
order
% Correct
Hyrax-
like
Hyracoidea
59.2%
Long nosed
Proboscidea
57.5%
Unique vertebral articulations
Xenarthra
56.7%
Tubule-
toothed
Tubulidentata
56.7%
Climbing
Scandentia
47.5%
Two lower incisors
Diprotodontia
43.3%
Scaly ones
Pholidota
42.5%
Opossum-
shaped
Didelphimorphia
41.7%
Dasyurid-
like
Dasyuromorphia
38.3%
Small marsupial
Microbiotheria
37.5%
Few dental cusps
Paucituberculata
35%
Marsupial mole-
like
Notoryctemorphia
32.5%
Long limbs
Macroscelidea
32.5%
Bandicoot-
like
Peramelemorphia
30%
Quiz Playlist
Details
Report
Send in Message
Add To Playlist
Classic:
Type in answers that appear in a list
Quiz Source
Last Updated: Feb 16, 2017
Quiz Scoreboard
CHALLENGE
Sign Up to Join the Scoreboard
Show All
Scores
Hide
Comments
May contain spoilers
Recently Published
NBA Finals Game Top Scorers (2010s)
by flibbidy
Sports
5m
Guess the 'R' Things in 3 Words
by MSUKent
Miscellaneous
3m
Actor to Badly Drawn Movie III
by MoMosMoProblems
Movies
5m
More to Explore
Quiz From the Vault
Featured Blog Post
Where Does Lost Luggage Go?
hide this ad
You Might Also Like...
Tags
Character
Extant
mammal
Order
Today's Top Quizzes in Science
Browse Science
hide this ad
Today's Top Quizzes in Extant
Browse Extant
Top Contributed Quizzes in Science
1
Trivia Jigsaw: Scientific Foursomes
2
The First 100 Digits of Pi
3
Trivia Jigsaw: Elements
4
Journey Through Space
5
'P' Natural World
6
Dashed Science
7
200 Digits of pi
8
'W' Natural World
9
A Equals A
10
Naming Acids
Explore More
Trending Topics
Harry Potter
Marvel
Anime
NBA
Crossword
Kpop
Disney
The Office
Puzzle
Song
WWE
NFL
Soccer
Pokémon
Country
hide this ad
More By:
rural_juror
Quiz
Plays
Rating
Category
Featured
Created
50 Best TV Episodes (2009)
1,178
4.17
Television
Jan 21, 2010
Orders of Extant Mammals
120
4.75
Science
Jan 5, 2010
Go to Creator's Profile
Score Distribution
Quiz Creator Spotlight
rural_juror
Follow
Send a Message
Quizzes Created
-
Created Quiz Play Count
-
More By This Creator
Popular Quizzes Today
1
Find the US States - No Outlines Minefield
2
Find the US States
3
The Countries of the World
4
10 Largest US States in Order
5
Find the Countries of Europe - No Outlines Minefield
6
US States
7
Guess the 'R' Things in 3 Words
8
NBA Finals Game Top Scorers (2010s)
More Science Quizzes
Anything but Elements
Published
Trending Quizzes
First Name TV: Leading Men
Match the Book to the Film II
First Name TV: Leading Women Drama
Match the Book to the Film VI
3-Word Movies in 1 Word II
Recently Updated
Women's Final Four Teams by Year
bhenderson79
Presidents Quartet II
eogle
Anything But Clue(do)
eogle
Anything But Oceanian Capitals
eogle
Anything But 7
eogle
Anything But Thing
eogle
Word Ladder: February 29
pecheneg
Song Title Questions
pecheneg
Women's NCAA Tournament #1 Seeds
pecheneg
Celebrity Mug Shots
pecheneg
Trending Topics
Crossword
Anime
Disney
Harry Potter
NBA
Kpop
Marvel
NFL
The Office
Song
WWE
Country
Soccer
Puzzle
Pokémon
Your Account Isn't Verified!
In order to create a playlist on Sporcle, you need to verify the email address you used during registration. Go to your
Sporcle Settings
to finish the process.
Report this User
Report this user for behavior that violates our
Community Guidelines
.
Details:
Send Report
Go to the Sporcle.com Mobile Site →
Comments